Mimesi, verità e fiction : Ripensare l´arte. Sulla scia dell Poética di Aristotele. Poética & Cristianesimo 2007
Gorde:
| Egile nagusia: | |
|---|---|
| Formatua: | Liburua |
| Hizkuntza: | Undetermined |
| Argitaratua: |
Roma, Italia
Edusc
2009
|
| Gaiak: | |
| Etiketak: |
Etiketa erantsi
Etiketarik gabe, Izan zaitez lehena erregistro honi etiketa jartzen!
|
MARC
| LEADER | 00000nam a2200000Ia 4500 | ||
|---|---|---|---|
| 008 | 170316s9999 xx 000 0 und d | ||
| 999 | |c 8188 |d 8188 | ||
| 040 | |a cru BVZT | ||
| 090 | |a 850 P-11m | ||
| 100 | |a Pontificia Università Della Santa Croce | ||
| 245 | |a Mimesi, verità e fiction : Ripensare l´arte. Sulla scia dell Poética di Aristotele. Poética & Cristianesimo 2007 | ||
| 260 | |a Roma, Italia |b Edusc |c 2009 | ||
| 300 | |a 548 páginas | ||
| 650 | |a LITERATURA ITALIANA |9 212 | ||
| 650 | |a ALGUNOS TÍTULOS EN IDIOMA : ITALIANO - ESPAÑOL E INGLÉS | ||
| 650 | |a POÉTICA |9 226 | ||
| 650 | |a ESTÉTICA | ||
| 942 | |c 15 D |h 850 P-11m |2 z | ||
